| 000 | 00838nam a22002057a 4500 | ||
|---|---|---|---|
| 008 | 100616t xxu||||| |||| 00| 0 eng d | ||
| 082 |
_222 _a658.3 _bع ط ي |
||
| 245 |
_aأصول إدارة الأفراد / _cطاهر مرسي عطيه |
||
| 260 |
_a[د.م] : _b[د.ن] ، 2008 _c2008 |
||
| 300 |
_a205 ص : _bايض ؛ _c24 سم |
||
| 500 | _aإهداء: د. سماء عطيه | ||
| 650 |
_914810 _aإدارة الأفراد |
||
| 650 |
_914811 _aالأجور |
||
| 650 |
_914812 _aتحليل الوظائف |
||
| 650 |
_914813 _aتوصيف الوظائف |
||
| 650 |
_914814 _aحوافز الإنتاج |
||
| 650 |
_914815 _aالموظفون |
||
| 942 |
_2ddc _cBB |
||
| 999 |
_c14098 _d14098 |
||